| 000 | 01409cam a22003975a 4500 | ||
|---|---|---|---|
| 001 | 016726179 | ||
| 003 | OSt | ||
| 005 | 20150614142246.0 | ||
| 008 | 140522t2014 enka frbd 001 0 eng d | ||
| 020 | _a9781292004877 (paperback) | ||
| 020 | _a1292004878 | ||
| 040 |
_aUk _beng _cUk _dUk _dEG-ScBUE |
||
| 082 | 0 | 4 |
_a658.472 _222 _bSHA |
| 100 | 1 |
_aSharda, Ramesh. _930125 |
|
| 245 | 1 | 0 |
_aBusiness intelligence : _ba managerial perspective on analytics / _cRamesh Sharda, Dursun Delen, Efraim Turban ; with contributions by J. E. Aronson, Ting-Peng Liang, David King. |
| 250 | _a3rd ed. | ||
| 260 |
_aHarlow : _bPearson Education Limited, _cc.2014. |
||
| 300 |
_a410 p. : _bill. ; _c26 cm. |
||
| 500 | _aIndex : 401-410. | ||
| 500 | _aGlossary : p. 393-399. | ||
| 504 | _aIncludes bibliographical references. | ||
| 650 | 0 |
_aBusiness intelligence. _2BUEsh |
|
| 650 | 0 |
_aBusiness intelligence _xManagement. _2BUEsh |
|
| 650 | 0 |
_aBusiness _xData processing. _2BUEsh |
|
| 650 | 0 |
_aBusiness _xData processing _xManagement. _2BUEsh _94788 |
|
| 651 | _2BUEsh | ||
| 653 |
_bBUSADM _cJune2015 |
||
| 655 |
_vreading book _934232 |
||
| 700 | 1 |
_aDelen, Dursun _930126 |
|
| 700 | 1 | _aTurban, Efraim | |
| 700 | 1 |
_aAronson, J. E., _econtributor. |
|
| 700 | 1 |
_aLiang, Ting-Peng, _d1953- _econtributor. |
|
| 700 | 1 |
_aKing, David, _econtributor. |
|
| 700 | 1 |
_aGaur, Loveleen, _econtributor. |
|
| 942 |
_2ddc _k658.472 SHA |
||
| 999 |
_c19580 _d19552 |
||